Łódź: przystanki na linii 2 - Statystyki

Ogólne statystyki
  • Ten quiz został rozwiązany 11 razy
  • Średni wynik to 28 z 36
Statystyki odpowiedzi
Ulica Przystanek % Poprawnych
Dworzec Łódź Dąbrowa
89%
Zachodnia - Manufaktura
89%
Piotrkowska Centrum
89%
Limanowskiego - / Zachodnia - Zachodnia/Limanowskiego
89%
Piotrkowska - Żwirki
89%
Kościuszki - 6 Sierpnia
78%
Aleksandrowska - Bielicowa
78%
Piotrkowska - Czerwona
78%
Aleksandrowska - Kaczeńcowa
78%
Kochanówka
78%
Aleksandrowska - Lechicka
78%
Zachodnia - Legionów
78%
Zachodnia - Lutomierska
78%
Limanowskiego - Mokra
78%
Limanowskiego - Piwna
78%
Piotrkowska - Plac Katedralny
78%
Piotrkowska - Plac Niepodległości
78%
Plac Niepodległości
78%
Zachodnia - Próchnika
78%
Limanowskiego - Pułaskiego
78%
Dąbrowskiego - / Rzgowska - Rzgowska/Dąbrowskiego
78%
Kościuszki - Struga
78%
Aleksandrowska - Szczecińska
78%
Aleksandrowska - Szparagowa
78%
Aleksandrowska - Traktorowa
78%
Zachodnia - Więckowskiego
78%
Limanowskiego - Woronicza
78%
Kościuszki - Zamenhofa
78%
Piotrkowska - Brzeźna
67%
Dąbrowskiego - Kilińskiego
67%
Limanowskiego - Klonowa
67%
Dąbrowskiego - Kossaka
67%
Dąbrowskiego - Podhalańska
67%
Limanowskiego - Sierakowskiego
67%
Dąbrowskiego - Śmigłego-Rydza
67%
Dąbrowskiego - Tatrzańska
67%
Nie znaleziono quizów pasujących do podanych kryteriów
Rozkład punktacji
Procent ludzi z każdym wynikiem
Percentyl według liczby udzielonych odpowiedzi
Twoja historia wyników
Nie rozwiązałeś tego quizu